Discrete mathematical structures / (Record no. 1220)

MARC details
000 -LEADER
fixed length control field 01273cac a2200361 i 4500
003 - CONTROL NUMBER IDENTIFIER
control field EG-ScBUE
005 - DATE AND TIME OF LATEST TRANSACTION
control field 20240916102311.0
008 - FIXED-LENGTH DATA ELEMENTS--GENERAL INFORMATION
fixed length control field 100923t2004 njua f d 001 0 eng d
020 ## - INTERNATIONAL STANDARD BOOK NUMBER
International Standard Book Number 0131230468
020 ## - INTERNATIONAL STANDARD BOOK NUMBER
International Standard Book Number 9780131230460
040 ## - CATALOGING SOURCE
Original cataloging agency EG-ScBUE
Language of cataloging eng
Description conventions rda
Transcribing agency EG-ScBUE
Modifying agency EG-ScBUE
082 04 - DEWEY DECIMAL CLASSIFICATION NUMBER
Classification number 511.6
Item number KOL
Edition number 22
100 1# - MAIN ENTRY--PERSONAL NAME
Personal name Kolman, Bernard,
Dates associated with a name 1932-
Relator term author.
9 (RLIN) 34919
245 10 - TITLE STATEMENT
Title Discrete mathematical structures /
Statement of responsibility, etc Bernard Kolman, Drexel University, Robert C. Busby, Drexel University, Sharon Cutler Ross, Georgia Perumeter College.
250 ## - EDITION STATEMENT
Edition statement Fifth edition.
250 ## - EDITION STATEMENT
Edition statement International edition.
264 #1 - PUBLICATION, DISTRIBUTION, ETC. (IMPRINT)
Place of publication, distribution, etc Upper Saddle River :
Name of publisher, distributor, etc Pearson / Prentice-Hall,
Date of publication, distribution, etc [2004]
264 #4 - PUBLICATION, DISTRIBUTION, ETC. (IMPRINT)
Date of publication, distribution, etc c2004
300 ## - PHYSICAL DESCRIPTION
Extent 1 volume (various pagings) :
Other physical details illustrations ;
Dimensions 26 cm
336 ## - CONTENT TYPE
Source rdacontent
Content type term text
Content type code txt
337 ## - MEDIA TYPE
Media type term unmediated
Source rdamedia
Media type code n
338 ## - CARRIER TYPE
Carrier type term volume
Carrier type code nc
Source rdacarrier
500 ## - GENERAL NOTE
General note Includes glossary.
500 ## - GENERAL NOTE
General note Includes index.
650 #7 - SUBJECT ADDED ENTRY--TOPICAL TERM
Topical term or geographic name as entry element Computer science
General subdivision Mathematics.
9 (RLIN) 3550
Source of heading or term BUEsh
651 ## - SUBJECT ADDED ENTRY--GEOGRAPHIC NAME
Source of heading or term BUEsh
653 ## - INDEX TERM--UNCONTROLLED
Resource For college Informatics and Computer Science
-- Generalities
Arrived date list January2018
655 ## - INDEX TERM--GENRE/FORM
Form subdivision Reading book
700 1# - ADDED ENTRY--PERSONAL NAME
Personal name Busby, Robert C.,
Relator term author.
9 (RLIN) 5105
700 1# - ADDED ENTRY--PERSONAL NAME
Personal name Ross, Sharon Cutler,
Dates associated with a name 1943-
Relator term author.
9 (RLIN) 5106
942 ## - ADDED ENTRY ELEMENTS (KOHA)
Koha item type Book - Borrowing
Source of classification or shelving scheme Dewey Decimal Classification
Holdings
Withdrawn status Lost status Source of classification or shelving scheme Damaged status Not for loan Collection code Home library Current library Shelving location Date acquired Source of acquisition Total Checkouts Full call number Barcode Date last seen Date checked out Price effective from Koha item type Total Renewals
    Dewey Decimal Classification     Donation-Gift Central Library Central Library First floor 29/08/2006 Donation 1 511.6 KOL 000004862 15/07/2025 03/11/2013 29/08/2006 Book - Borrowing  
    Dewey Decimal Classification     Donation-Gift Central Library Central Library First floor 29/08/2006 Donation 3 511.6 KOL 000004860 15/07/2025 02/10/2014 29/08/2006 Book - Borrowing 3
    Dewey Decimal Classification     Donation-Gift Central Library Central Library First floor 23/09/2010 Donation   511.6 KOL 000004864 15/07/2025   23/09/2010 NB - Book (Non borrowing)  
    Dewey Decimal Classification     Baccah Central Library Central Library First floor 03/10/2010 Purchase 1 511.6 KOL 000004861 15/07/2025 24/10/2024 03/10/2010 Book - Borrowing  
    Dewey Decimal Classification     Baccah Central Library Central Library First floor 17/09/2013 Purchase 1 511.6 KOL 000004863 15/07/2025 20/01/2018 17/09/2013 Book - Borrowing  
    Dewey Decimal Classification     Donation-Gift Central Library Central Library Second Floor 08/01/2018 Donation   511.6 KOL 000047114 15/07/2025   08/01/2018 Book - Borrowing  
    Dewey Decimal Classification     Donation-Gift Central Library Central Library First floor 26/03/2018 Donation   511.6 KOL 000047506 15/07/2025   26/03/2018 Book - Borrowing